Zmeny v pracovnej zdravotnej službe od 1. 12. 2017

Zákon č. 289/2017 Z. z. mení a dopĺňa zákon č. 355/2007 Z. z. o ochrane, podpore a rozvoji verejného zdravia a o zmene a doplnení niektorých zákonov v znení neskorších predpisov, ktorý nadobudol platnosť 1. decembra 2017, Zamestnávateľ je povinný zabezpečiť primeraný zdravotný dohľad pre zamestnanco...

Descrizione completa

Salvato in:
Dettagli Bibliografici
Autore principale: Meluchová, Jitka, 1965-
Natura: Capitolo di libro
Lingua:slovacco
Soggetti:
Tags: Aggiungi Tag
Nessun Tag, puoi essere il primo ad aggiungerne!!

MARC

LEADER 00000nla a2200000 4500
001 0247581
005 20240502073949.6
041 0 |a slo 
044 |a SK 
245 1 0 |a Zmeny v pracovnej zdravotnej službe od 1. 12. 2017  |c Jitka Meluchová 
520 |a Zákon č. 289/2017 Z. z. mení a dopĺňa zákon č. 355/2007 Z. z. o ochrane, podpore a rozvoji verejného zdravia a o zmene a doplnení niektorých zákonov v znení neskorších predpisov, ktorý nadobudol platnosť 1. decembra 2017, Zamestnávateľ je povinný zabezpečiť primeraný zdravotný dohľad pre zamestnancov podľa § 52 ods. 1 písm. g) s ohľadom na mieru zdravotného rizika pri práci, a to spoluprácou s pracovnou zdravotnou službou pri plnení konkrétnych povinností vyplývajúcich zamestnávateľovi z predmetného zákona. 
610 2 0 |a zákony 
610 2 0 |a novelizácia 
610 2 0 |a Slovensko 
610 2 0 |a služby zdravotnícke 
610 2 0 |a ochrana zdravia 
610 2 0 |a zamestnávatelia 
100 1 |a Meluchová, Jitka, 1965-